000 00388pab a2200145 454500
008 180718b1995 xxu||||| |||| 00| 0 eng d
100 _aShafi, Sayed S.
245 _aHow not to remember the Mahatma
_bGandhiji at India Gate
260 _c1995
300 _ap.29-31
362 _a12 Aug
650 _aGandhi, M.K. - Criticism and interpretation
773 _aMainstream
909 _a29174
999 _c29174
_d29174